NFL Team by Helmet - Statistics

General Stats
  • This quiz has been taken 46,460 times
  • The average score is 30 of 32
Answer Stats
Picture Answer % Correct
Miami Dolphins
100%
Carolina Panthers
97%
New York Jets
97%
Pittsburgh Steelers
97%
Detroit Lions
96%
Green Bay Packers
96%
Kansas City Chiefs
96%
Las Vegas Raiders
96%
New England Patriots
96%
New York Giants
96%
Dallas Cowboys
95%
Atlanta Falcons
94%
San Francisco 49ers
94%
Seattle Seahawks
94%
Tampa Bay Buccaneers
94%
Arizona Cardinals
93%
Baltimore Ravens
93%
Buffalo Bills
93%
Cincinnati Bengals
93%
Jacksonville Jaguars
93%
Los Angeles Rams
93%
New Orleans Saints
93%
Denver Broncos
92%
Indianapolis Colts
92%
Chicago Bears
91%
Philadelphia Eagles
91%
Tennessee Titans
91%
Houston Texans
90%
Minnesota Vikings
90%
Los Angeles Chargers
89%
Washington Commanders
89%
Cleveland Browns
88%
No matching quizzes found
Score Distribution
Percent of People with Each Score
Percentile by Number Answered
Your Score History
You have not taken this quiz